| 000 | 00404nam a2200181Ia 4500 | ||
|---|---|---|---|
| 003 | 0100 | ||
| 008 | 130303s9999 xx 000 0 und d | ||
| 040 | _cARRUPELIB | ||
| 050 | _aCB58.P41 1988 | ||
| 100 | _aPerry, Marvin | ||
| 245 | 2 | _aA history of the world | |
| 260 | _aBoston | ||
| 260 | _bHoughton Mifflin Co. | ||
| 260 | _C1988 | ||
| 300 | _a912p | ||
| 650 | _bManagerial Skills | ||
| 942 | 0 | 0 | _05 |
| 999 |
_c21756 _d21756 |
||